Giáo trình Luật thuế Việt Nam

Giáo trình cung cấp những điều luật mà cá nhân, cơ quan, tổ chức có quyền lợi, nghĩa vụ, trách nhiệm khi tham gia nộp thuế

Đã lưu trong:
書目詳細資料
主要作者: Phạm, Thị Giang Thu
格式: 圖書
語言:Undetermined
出版: Hà Nội Công an nhân dân 2005
主題:
標簽: 添加標簽
沒有標簽, 成為第一個標記此記錄!
Thư viện lưu trữ: Trung tâm Học liệu Trường Đại học Cần Thơ
LEADER 00758nam a2200217Ia 4500
001 CTU_110824
008 210402s9999 xx 000 0 und d
020 |c 58000 
082 |a 343.59704 
082 |b Th500 
100 |a Phạm, Thị Giang Thu 
245 0 |a Giáo trình Luật thuế Việt Nam 
245 0 |c Phạm Thị Giang Thu 
260 |a Hà Nội 
260 |b Công an nhân dân 
260 |c 2005 
520 |a Giáo trình cung cấp những điều luật mà cá nhân, cơ quan, tổ chức có quyền lợi, nghĩa vụ, trách nhiệm khi tham gia nộp thuế 
650 |a Tax law 
650 |z Vietnam 
904 |i Minh 
980 |a Trung tâm Học liệu Trường Đại học Cần Thơ